000 00604nam a2200265Ia 4500
005 20260306164620.0
008 008 260114s9999 xx 000 0 eng d
020 _a9780300130195
037 _aEBOOK
040 _aCRL
040 _beng
040 _cCRL
041 _2eng
041 _aeng
084 _qCRL
100 _aKleber Monod
_91131106
245 4 _aThe Murder Of Mr. Grebell
260 _bYale University Press
260 _c2013
650 _aHistory
856 _uhttps://academic.oup.com/book/22360
942 _cEBOOK
999 _c1714747
_d1714747